Statistics for Types of Pokemon - Sorting

Click here to take the quiz!

General Stats

  • This quiz has been taken 50 times
  • The average score is 97 of 112

Answer Stats

QuestionTileSelect% Correct
Water Type PokemonMagmarNo
100%
Water Type PokemonMeowthNo
100%
Water Type PokemonPikachuNo
100%
Water Type PokemonRaikouNo
100%
Water Type PokemonRapidashNo
100%
Water Type PokemonSnorlaxNo
100%
Water Type PokemonSquirtleYes
100%
Water Type PokemonWartortleYes
100%
Water Type PokemonHitmonleeNo
97%
Water Type PokemonPoliwagYes
97%
Water Type PokemonSkarmonyNo
97%
Water Type PokemonTentacruelYes
97%
Water Type PokemonMagikarpYes
95%
Water Type PokemonWailordYes
95%
Bug Type PokemonAmpharosNo
92%
Ghost Type PokemonAxewNo
92%
Bug Type PokemonChanseyNo
92%
Fire Type PokemonCharizardYes
92%
Fire Type PokemonCharmanderYes
92%
Ghost Type PokemonDragonairNo
92%
Fire Type PokemonDratiniNo
92%
Bug Type PokemonElectrikeNo
92%
Bug Type PokemonHoundourNo
92%
Ghost Type PokemonKangaskhanNo
92%
Bug Type PokemonLickitungNo
92%
Bug Type PokemonMawileNo
92%
Ghost Type PokemonParasNo
92%
Ghost Type PokemonRaichuNo
92%
Fire Type PokemonRattataNo
92%
Ghost Type PokemonSlowkingNo
92%
Fire Type PokemonSwampertNo
92%
Bug Type PokemonTyrogueNo
92%
Fire Type PokemonAronNo
90%
Fighting Type PokemonAzumarillNo
90%
Bug Type PokemonBeedrillYes
90%
Ghost Type PokemonCarvanhaNo
90%
Bug Type PokemonCaterpieYes
90%
Electric Type PokemonClefairyNo
90%
Bug Type PokemonCombuskenNo
90%
Ghost Type PokemonDittoNo
90%
Electric Type PokemonDratiniNo
90%
Electric Type PokemonEeveeNo
90%
Fighting Type PokemonFennekinNo
90%
Electric Type PokemonFlareonNo
90%
Ghost Type PokemonGastlyYes
90%
Ghost Type PokemonHaunterYes
90%
Fighting Type PokemonLanturnNo
90%
Fire Type PokemonMakuhitaNo
90%
Bug Type PokemonMetapodYes
90%
Ghost Type PokemonPersianNo
90%
Electric Type PokemonPidgeotNo
90%
Fire Type PokemonRaikouNo
90%
Fighting Type PokemonRapidashNo
90%
Fighting Type PokemonShelgonNo
90%
Electric Type PokemonSquirtleNo
90%
Grass Type PokemonSteelixNo
90%
Electric Type PokemonSunfloraNo
90%
Fire Type PokemonTogepiNo
90%
Fighting Type PokemonTyphlosionNo
90%
Electric Type PokemonBlazikenNo
87%
Grass Type PokemonBulbasaurYes
87%
Bug Type PokemonButterfreeYes
87%
Fighting Type PokemonChikoritaNo
87%
Grass Type PokemonDewgongNo
87%
Electric Type PokemonElectabuzzYes
87%
Ghost Type PokemonGengarYes
87%
Electric Type PokemonJolteonYes
87%
Fighting Type PokemonMachampYes
87%
Grass Type PokemonMankeyNo
87%
Fire Type PokemonMoltresYes
87%
Electric Type PokemonPikachuYes
87%
Fire Type PokemonRapidashYes
87%
Bug Type PokemonVenonatYes
87%
Electric Type PokemonVoltorbYes
87%
Bug Type PokemonWeedleYes
87%
Fire Type PokemonCyndaquilYes
85%
Fire Type PokemonHeatmorYes
85%
Fighting Type PokemonHitmonleeYes
85%
Bug Type PokemonKakunaYes
85%
Bug Type PokemonMagcargoNo
85%
Water Type PokemonPelipperYes
85%
Fighting Type PokemonPrimeapeYes
85%
Fire Type PokemonTaurosNo
85%
Grass Type PokemonTogepiNo
85%
Grass Type PokemonVenusaurYes
85%
Electric Type PokemonZapdosYes
85%
Ghost Type PokemonDuskullYes
82%
Fighting Type PokemonKangaskhanNo
82%
Fighting Type PokemonMachokeYes
82%
Electric Type PokemonMagnemiteYes
82%
Electric Type PokemonPlusleYes
82%
Grass Type PokemonTreeckoYes
82%
Grass Type PokemonButterfreeNo
79%
Grass Type PokemonGrubbinNo
79%
Fire Type PokemonHo-OhYes
79%
Ghost Type PokemonMisdreavusYes
79%
Grass Type PokemonOddishYes
79%
Grass Type PokemonPinsirNo
79%
Ghost Type PokemonSableyeYes
79%
Grass Type PokemonTurtwigYes
79%
Ghost Type PokemonDrifblimYes
77%
Fighting Type PokemonHariyamaYes
77%
Grass Type PokemonTangrowthYes
77%
Grass Type PokemonChikoritaYes
74%
Grass Type PokemonScytherNo
74%
Fire Type PokemonHoundoomYes
72%
Fighting Type PokemonLucarioYes
72%
Grass Type PokemonSceptileYes
72%
Fighting Type PokemonTyrogueYes
72%
Fighting Type PokemonPoliwrathYes
69%
Electric Type PokemonVolbeatNo
51%
Water Type PokemonCrabrawlerNo
38%

Score Distribution

Percentile by Number Answered

Percent of People with Each Score

Your Score History

You have not taken this quiz